[Event "Bunratty Online"]
[Site "Chess.com INT"]
[Date "2021.02.20"]
[Round "2"]
[White "Farrelly, Eoin"]
[Black "Royal, Shreyas"]
[Result "0-1"]
[WhiteElo "1686"]
[BlackElo "2121"]
[PlyCount "64"]
[EventDate "2021.02.20"]
[EventType "swiss (blitz)"]
[EventRounds "9"]
[EventCountry "IRL"]
[SourceTitle "CBM 200 Extra"]
[Source "ChessBase"]
[SourceDate "2021.03.31"]
[SourceVersion "1"]
[SourceVersionDate "2021.03.31"]
[SourceQuality "1"]

1. d4 Nf6 2. c4 g6 3. Nc3 Bg7 4. e4 d6 5. Nf3 0-0 6. Be2 e5 7. d5 a5 8. 0-0 Na6 9. Ne1 Nc5 10. f3 Nh5 11. Be3 f5 12. exf5 gxf5 13. Bxc5 dxc5 14. Nd3 Qe7 15. f4 Nxf4 16. Nxf4 exf4 17. Rxf4 Be5 18. Rf3 Kh8 19. Bd3 f4 20. Qc2 Bg4 21. Rff1 Bd4+ 22. Kh1 f3 23. Rae1 Qg7 24. g3 Bh3 25. Ne4 Bg2+ 26. Qxg2 fxg2+ 27. Kxg2 Rxf1 28. Rxf1 Rf8 29. Rxf8+ Qxf8 30. b3 Qh6 31. g4 Qe3 32. Nf2 Qxf2+ 0-1